[Event "Titled Tuesday intern op 03rd Sep Late"]
[Site "Chess.com INT"]
[Date "2024.09.03"]
[Round "5"]
[White "Amburgy, Ryan"]
[Black "Golubev, Mikhail"]
[Result "1/2-1/2"]
[WhiteElo "2221"]
[BlackElo "2461"]
[PlyCount "181"]
[EventDate "2024.09.03"]
[EventType "swiss (blitz)"]
[EventRounds "11"]
[EventCountry "USA"]
[SourceTitle "EXT 2025"]
[Source "ChessBase"]
[SourceDate "2024.10.14"]
[SourceVersion "1"]
[SourceVersionDate "2024.10.14"]
[SourceQuality "1"]

1. d4 Nf6 2. Nc3 e6 3. Bf4 Bb4 4. Qd3 d5 5. a3 Bxc3+ 6. Qxc3 Ne4 7. Qxc7 Qxc7 8. Bxc7 Nc6 9. e3 Bd7 10. Bd3 Rc8 11. Bf4 f6 12. Nf3 g5 13. Bg3 Nxg3 14. hxg3 h6 15. c3 Kf7 16. Nd2 e5 17. f3 f5 18. dxe5 Nxe5 19. Be2 Nc4 20. Nxc4 dxc4 21. Rd1 Be6 22. Kf2 Rc6 23. Rd2 b5 24. Rhd1 a5 25. Rd8 Rxd8 26. Rxd8 b4 27. axb4 axb4 28. Rd4 bxc3 29. bxc3 Kf6 30. f4 Rb6 31. e4 fxe4 32. Rxe4 Rb2 33. Ke1 Rc2 34. Re3 Bd5 35. Kd1 Ra2 36. Re8 Bxg2 37. Bxc4 Rf2 38. fxg5+ Kxg5 39. Rg8+ Kh5 40. Be2+ Bf3 41. Bxf3+ Rxf3 42. Kd2 Rd3+ 43. Ke2 Rxc3 44. Kf2 Rb3 45. Rf8 Ra3 46. Kg2 Kg6 47. Kh3 Ra4 48. Rb8 Kg7 49. Rb6 Kh7 50. g4 Kg7 51. Kh4 Ra5 52. Re6 Kh7 53. Rf6 Kg7 54. Rf4 Kh7 55. Rf7+ Kg6 56. Rc7 Rb5 57. Rc6+ Kg7 58. Rc4 Kh7 59. Rf4 Kg6 60. Rf8 Kg7 61. Rd8 Kg6 62. Rd6+ Kg7 63. Rc6 Kh7 64. Rf6 Kg7 65. Rf4 Kg6 66. Kg3 Kg7 67. Rc4 Kg6 68. Kf4 Kg7 69. Rc6 Kh7 70. Rf6 Kg7 71. Re6 Kh7 72. Ke4 Kg7 73. Rd6 Kh7 74. Rf6 Kg7 75. Rf3 Kh7 76. Kf4 Kg7 77. Kg3 Kg6 78. Rf8 Kg7 79. Rc8 Kh7 80. Rc6 Kg7 81. Rc4 Kh7 82. Rf4 Kg7 83. Kf3 Kh7 84. Ke3 Kg7 85. Rf2 Kh7 86. Kd3 Rg5 87. Rf4 h5 88. gxh5 Rxh5 89. Ke4 Rg5 90. Rf5 Rxf5 91. Kxf5 1/2-1/2

[Event "Titled Tuesday intern op 03rd Sep Early"]
[Site "Chess.com INT"]
[Date "2024.09.03"]
[Round "3"]
[White "Golubev, Mikhail"]
[Black "Tzoumbas, Anastasios"]
[Result "1-0"]
[WhiteElo "2461"]
[BlackElo "2239"]
[PlyCount "129"]
[EventDate "2024.09.03"]
[EventType "swiss (blitz)"]
[EventRounds "11"]
[EventCountry "USA"]
[SourceTitle "EXT 2025"]
[Source "ChessBase"]
[SourceDate "2024.10.14"]
[SourceVersion "1"]
[SourceVersionDate "2024.10.14"]
[SourceQuality "1"]

1. e4 d5 2. exd5 Qxd5 3. Nf3 Nf6 4. d4 c6 5. c4 Qd8 6. Nc3 Bg4 7. Be2 e6 8. h3 Bh5 9. 0-0 Bd6 10. Bg5 h6 11. Bxf6 gxf6 12. Ne4 Be7 13. d5 cxd5 14. cxd5 Qxd5 15. Qxd5 exd5 16. Ng3 Bg6 17. Rfd1 Nc6 18. Rxd5 Rd8 19. Rad1 Rg8 20. Nh4 Bc2 21. Rxd8+ Bxd8 22. Rc1 Bh7 23. Ngf5 Bxf5 24. Nxf5 Kd7 25. Nxh6 Re8 26. Bg4+ Ke7 27. Nf5+ Kf8 28. Nd6 Re7 29. Bf3 Nd4 30. Rc8 Rd7 31. Nxb7 Nxf3+ 32. gxf3 Rxb7 33. Rxd8+ Ke7 34. Rd2 Rb5 35. Kg2 Ke6 36. h4 Kf5 37. Kg3 Rb8 38. b3 Rg8+ 39. Kh3 Kf4 40. Rd3 Rg1 41. Kh2 Rg8 42. a4 Rh8 43. Kh3 Rh5 44. b4 a6 45. Rb3 Rd5 46. b5 axb5 47. axb5 Rd1 48. b6 Rh1+ 49. Kg2 Rxh4 50. b7 Rh8 51. b8Q+ Rxb8 52. Rxb8 f5 53. Rb7 f6 54. Rf7 Kg5 55. f4+ Kxf4 56. Rxf6 Ke5 57. Ra6 Ke4 58. Ra4+ Ke5 59. Kf3 Kd5 60. Ra5+ Kd4 61. Kf4 Kd3 62. f3 Ke2 63. Rxf5 Kf2 64. Re5 Kg2 65. Kg4 1-0

[Event "Titled Tuesday intern op 03rd Sep Late"]
[Site "Chess.com INT"]
[Date "2024.09.03"]
[Round "9"]
[White "Perez Guerra, Raul"]
[Black "Golubev, Mikhail"]
[Result "0-1"]
[WhiteElo "2227"]
[BlackElo "2461"]
[PlyCount "124"]
[EventDate "2024.09.03"]
[EventType "swiss (blitz)"]
[EventRounds "11"]
[EventCountry "USA"]
[SourceTitle "EXT 2025"]
[Source "ChessBase"]
[SourceDate "2024.10.14"]
[SourceVersion "1"]
[SourceVersionDate "2024.10.14"]
[SourceQuality "1"]

1. a3 a6 2. e4 h6 3. d4 d6 4. Nc3 Nd7 5. Nf3 e6 6. Bd3 b6 7. 0-0 Bb7 8. Qe2 Be7 9. Re1 e5 10. dxe5 dxe5 11. Bc4 Ngf6 12. Be3 0-0 13. Rad1 Bd6 14. Bc1 Re8 15. h3 Qe7 16. Nh4 Nc5 17. Nf5 Qf8 18. Qf3 Nh7 19. Qg3 Kh8 20. Bd5 Bxd5 21. Nxd5 Rad8 22. Qf3 Ne6 23. c3 b5 24. a4 c6 25. Nxd6 Rxd6 26. Nb4 a5 27. Rxd6 Qxd6 28. Rd1 Qc7 29. Nc2 bxa4 30. Na3 Kg8 31. Nc4 Nhf8 32. Qe2 Ng6 33. g3 Rd8 34. Rxd8+ Qxd8 35. Qc2 Kh7 36. Be3 f6 37. Kf1 Ngf8 38. Ke2 Nd7 39. Qxa4 Ndc5 40. Qd1 Qb8 41. Qc2 Qb5 42. b3 a4 43. Bxc5 Nxc5 44. Ke3 axb3 45. Qe2 Na4 46. Na3 Qxe2+ 47. Kxe2 b2 48. Kd3 Kg6 49. Kc2 f5 50. Nc4 fxe4 51. Nxe5+ Kf5 52. Nxc6 e3 53. Nd4+ Ke4 54. fxe3 Kxe3 55. c4 Kxd4 56. c5 Kxc5 57. g4 Kb5 58. h4 Kb4 59. g5 hxg5 60. hxg5 Ka3 61. Kb1 Nc3+ 62. Kc2 b1Q+ 0-1

[Event "Titled Tuesday intern op 03rd Sep Late"]
[Site "Chess.com INT"]
[Date "2024.09.03"]
[Round "1"]
[White "Zapata Romero, Italo German"]
[Black "Golubev, Mikhail"]
[Result "1-0"]
[WhiteElo "1995"]
[BlackElo "2461"]
[PlyCount "63"]
[EventDate "2024.09.03"]
[EventType "swiss (blitz)"]
[EventRounds "11"]
[EventCountry "USA"]
[SourceTitle "EXT 2025"]
[Source "ChessBase"]
[SourceDate "2024.10.14"]
[SourceVersion "1"]
[SourceVersionDate "2024.10.14"]
[SourceQuality "1"]

1. d4 Nf6 2. c4 d6 3. Nc3 g6 4. e4 Bg7 5. Nf3 0-0 6. Be2 e5 7. 0-0 h6 8. a4 exd4 9. Nxd4 Re8 10. f3 a5 11. Be3 Nbd7 12. Qd2 Kh7 13. Nd5 Nc5 14. Ra3 c6 15. Nxf6+ Qxf6 16. Rd1 Bd7 17. Nb3 Qxb2 18. Nxc5 dxc5 19. Rd3 Qxd2 20. R3xd2 Be6 21. Bxc5 Bc3 22. Rc2 Bb4 23. Bb6 c5 24. Rcc1 Rac8 25. Rd6 Rc6 26. Rcd1 Rec8 27. e5 Bc3 28. f4 Bd4+ 29. Kf1 Kg7 30. Bxa5 Ra8 31. Be1 Rxa4 32. g3 1-0